| Tag |
First Indicator |
Second Indicator |
Subfields |
| LEADER |
00000pam a2200000 a 4500 |
| 001 |
in00000049974 |
| 005 |
20151007075932.0 |
| 008 |
811117s1981 nyua 00110 eng |
| 010 |
|
|
|a 80008744
|
| 020 |
|
|
|a 0151504431
|
| 035 |
|
|
|a (OCoLC)07736932
|
| 035 |
|
|
|9 AAF4021AM
|
| 039 |
0 |
|
|a 2
|b 3
|c 3
|d 3
|e 3
|
| 040 |
|
|
|a DLC
|c DLC
|d TXA
|d UtOrBLW
|
| 049 |
|
|
|a TXAM
|c [1805638]
|
| 050 |
0 |
0 |
|a RA784
|b D38
|
| 082 |
0 |
|
|a 613.2
|2 19
|
| 100 |
1 |
|
|a Davis, Adelle.
|
| 245 |
1 |
0 |
|a Let's stay healthy :
|b a guide to lifelong nutrition /
|c Adelle Davis ; edited and expanded by Ann Gildroy ; foreword by Leonard Lustgarten.
|
| 250 |
|
|
|a 1st ed.
|
| 264 |
|
1 |
|a New York :
|b Harcourt Brace Jovanovich,
|c [1981]
|
| 264 |
|
4 |
|c ©1981
|
| 300 |
|
|
|a xxi, 391 pages :
|b illustrations ;
|c 23 cm.
|
| 336 |
|
|
|a text
|b txt
|2 rdacontent
|
| 337 |
|
|
|a unmediated
|b n
|2 rdamedia
|
| 338 |
|
|
|a volume
|b nc
|2 rdacarrier
|
| 500 |
|
|
|a Includes index.
|
| 650 |
|
0 |
|a Nutrition.
|
| 650 |
|
0 |
|a Diet.
|
| 700 |
1 |
|
|a Gildroy, Ann.
|
| 999 |
|
|
|a MARS
|
| 999 |
f |
f |
|s b83e04c3-4453-3e51-b470-d0181ada54a0
|i 10fed86e-ff06-3ead-a62d-14c834167368
|t 0
|
| 952 |
f |
f |
|p normal
|a Texas A&M University
|b College Station
|c Sterling C. Evans Library
|d Evans: Library Stacks
|t 0
|e RA784 D38
|h Library of Congress classification
|i unmediated -- volume
|m A14805945032
|
| 998 |
f |
f |
|a RA784 D38
|t 0
|l Evans: Library Stacks
|